BD Chaurasia's Human Anatomy:- Regional and Applied Dissection and Clinical: Lower Limb, Abdomen and Pelvis (Record no. 20904)
[ view plain ]
| 000 -LEADER | |
|---|---|
| fixed length control field | 00444nam a22001577a 4500 |
| 003 - CONTROL NUMBER IDENTIFIER | |
| control field | SGT |
| 020 ## - INTERNATIONAL STANDARD BOOK NUMBER | |
| International Standard Book Number | 9789388902748 |
| 082 ## - DEWEY DECIMAL CLASSIFICATION NUMBER | |
| Classification number | 611 |
| Item number | H19C |
| 100 ## - MAIN ENTRY--PERSONAL NAME | |
| Personal name | Bd Chaurasia |
| 245 ## - TITLE STATEMENT | |
| Title | BD Chaurasia's Human Anatomy:- Regional and Applied Dissection and Clinical: Lower Limb, Abdomen and Pelvis |
| 250 ## - EDITION STATEMENT | |
| Edition statement | 8TH |
| 260 ## - PUBLICATION, DISTRIBUTION, ETC. (IMPRINT) | |
| Place of publication, distribution, etc | NEW DELHI |
| Name of publisher, distributor, etc | Cbs Publishers & Distributors |
| Year of Publication | 2019 |
| 300 ## - PAGE DESCRIPTION | |
| No. of Pages | 1-556 |
| 650 ## - SUBJECT ADDED ENTRY--TOPICAL TERM | |
| Topical term or geographic name as entry element | Human Anatomy |
| 942 ## - ADDED ENTRY ELEMENTS (KOHA) | |
| Source of classification or shelving scheme | Dewey Decimal Classification |
| Koha item type | Books |
| 942 ## - ADDED ENTRY ELEMENTS (KOHA) | |
| -- | 4 |
| Withdrawn status | Lost status | Source of classification or shelving scheme | Damaged status | Not for loan | Home library | Current library | Shelving location | Date acquired | Vendor Name | Cost, normal purchase price | Volume Information (Serial or Books or Non-Book Material) | SGTU | Bill Number | Total Checkouts | Full call number | Accession No. (Barcode) | Date last seen | Date last borrowed | Bill Date | Koha item type |
|---|---|---|---|---|---|---|---|---|---|---|---|---|---|---|---|---|---|---|---|---|
| Dewey Decimal Classification | SGT Dental Library | SGT Dental Library | Text Book | 05/03/2021 | AHUJA BOOK COMPANY | 725.00 | 2 | SGTU | 12616 | 1 | 611 H19C | FD8279 | 26/07/2023 | 26/07/2023 | 27/01/2021 | Books | ||||
| Dewey Decimal Classification | SGT Dental Library | SGT Dental Library | Text Book | 05/03/2021 | AHUJA BOOK COMPANY | 725.00 | 2 | SGTU | 12616 | 3 | 611 H19C | FD8280 | 24/07/2023 | 24/07/2023 | 27/01/2021 | Books | ||||
| Dewey Decimal Classification | SGT Dental Library | SGT Dental Library | Text Book | 05/03/2021 | AHUJA BOOK COMPANY | 725.00 | 2 | SGTU | 12616 | 611 H19C | FD8281 | 05/03/2021 | 27/01/2021 | Books |